000
00300nam a2200121Ia 4500
008
220204s9999 xx 000 0 und d
082
_a
504.06
_b
WAT
100
_a
Watson, Philip J
245
0
_a
ISO 14000
260
_a
United Kingdom
_b
IRSG
650
_a
Environmental management systems
942
_c
BK
999
_c
41652
_d
41652